00576nam a2200169 i 450000100060000000300090000600500170001500700030003200800410003508000200007610000260009624501030012226000920022530000320031765000340034985200230038320395ES-MaACL20230906152308.0t|021112s1946 sp f |||| |cspa d a75.035(460):9291 aAguilera, Emiliano M.10aPintores españoles del siglo XVIII b: ensayo biográfico y crítico / cEmiliano M. Aguilera. aBarcelona : bIberia : bJoaquín Gil, c[1946] (fTall. Gráfs. Agustín Núñez) a28 p., 68 lám. ; c28 cm. 4aPintura española-yS.XVIII. aES-MaACLj1869-F-6